000 00617nam a2200181Ia 4500
008 151202s9999||||xx |||||||||||||| ||und||
082 _bPNVM-73779
100 _aओक चारुशिला.
245 _aहे जीवन सुंदर झाले.
260 _bपायल पब्लिकेशन पुणे.
260 _c7377
300 _a304
600 _aओक चारुशिला.
630 _aहे जीवन सुंदर झाले.
700 _aओक चारुशिला.
730 _aहे जीवन सुंदर झाले.
942 _cBOOK
999 _c1340442
_d1340439